000 00547nam a2200169 i 4500
001 23805
003 ES-MaACL
005 20230906152934.0
007 t|
008 021212s1959 sp ||||1| spa d
100 1 _aAnderson, William R.
_921475
245 1 0 _aNautilus 90º Norte /
_cpor el Comandante William R. Anderson ; con la colaboración de Clay Blair, Jr.
260 _aBarcelona :
_bJuventud,
_c[1959] (
_fAtenas)
300 _a222 p., 10 lám. :
_bil. ;
_c23 cm.
700 1 _aBlair, Clay.
_929087
852 _aES-MaACL
_jC-16459
_bR.44219
999 _c23805
_d23805